| 000 | 00435nam a22001697a 4500 | ||
|---|---|---|---|
| 003 | OSt | ||
| 005 | 20140310182324.0 | ||
| 008 | 130921t xxu||||| |||| 00| 0 eng d | ||
| 020 | _a1854343564 | ||
| 050 |
_aQK 49 _b.N285 1996 |
||
| 082 |
_aGS 582.13 _b Na19 1996 |
||
| 245 |
_aNature's wild _cJames Marsh. |
||
| 260 |
_aLondon : _bTwo-Can pub., _c1996. |
||
| 300 |
_a30 p. : _bill. ; _c25 cm |
||
| 942 |
_2lcc _cBK-GS |
||
| 999 |
_c11876 _d11876 |
||